Past Serbias - Statistics

General Stats
  • This quiz has been taken 27 times
  • The average score is 8 of 27
Answer Stats
Lasted Name % Correct
1990-1992 Republic of Serbia
96%
2006-Present Republic of Serbia
96%
2003-2006 Serbia and Montenegro
78%
1217-1346 Kingdom of Serbia
70%
1718-1739 Kingdom of Serbia
70%
1882-1918 Kingdom of Serbia
70%
1346-1371 Serbian Empire
43%
1992-2003 Federal Republic of Yugoslavia
39%
1929-1941 Kingdom of Yugoslavia
35%
1963-1990 Socialist Republic of Serbia
22%
961-976 Catepanate of Ras
17%
1946-1963 People's Republic of Serbia
17%
780-960 Principality of Serbia
17%
1815-1882 Principality of Serbia
17%
1804-1813 Revolutionary Serbia
13%
1402-1459 Serbian Despotate
13%
10th Century-1186 Kingdom of Duklja
9%
1944-1946 Federated State of Serbia
4%
1091-1217 Grand Principality of Serbia
4%
1918-1929 Kingdom of the Serbs, Croats and Slovenes
4%
1788-1791 Koča's Frontier
4%
1459-1718 Sanjak of Smederevo
4%
1739-1788 Sanjak of Smederevo
4%
1791-1804 Sanjak of Smederevo
4%
1813–1817 Sanjak of Smederevo
4%
1941-1944 Territory of the Military Commander in Serbia
4%
1371-1402 The Principality of Moravian Serbia
4%
No matching quizzes found
Score Distribution
Percent of People with Each Score
Percentile by Number Answered
Your Score History
You have not taken this quiz